Indian Journal Of Finance (Record no. 5463)

MARC details
000 -LEADER
fixed length control field 00311nam a22001337a 4500
005 - DATE AND TIME OF LATEST TRANSACTION
control field 20170530150256.0
008 - FIXED-LENGTH DATA ELEMENTS--GENERAL INFORMATION
fixed length control field 170530b xxu||||| |||| 00| 0 eng d
022 ## - INTERNATIONAL STANDARD SERIAL NUMBER
ISSN 0973-8711
245 ## - TITLE STATEMENT
Title Indian Journal Of Finance
260 ## - PUBLICATION, DISTRIBUTION, ETC. (IMPRINT)
Place of publication Delhi
Name of publisher Finance India
Year of publication 2017
300 ## - PHYSICAL DESCRIPTION
Number of Pages 62
490 ## - SERIES STATEMENT
Series statement Volume 11
942 ## - ADDED ENTRY ELEMENTS (KOHA)
Koha item type Journals/Serial
Holdings
Lost status Damaged status Home library Current library Date acquired Source of acquisition Cost, normal purchase price Accession Number Koha item type Shelving location
    JRU Library   30/05/2017 Purchase 2200.00 IJOF0001 Journals/Serial  
    JRU Library   29/07/2017 Purchase   IJOF0002 Journals/Serial  
    JRU Library   15/09/2017     IJOF0003 Journals/Serial  
    JRU Library   12/01/2019 Purchase   IJOF0004 Journals/Serial Periodicals Section